Do stars have points? / (Record no. 6946)

MARC details
000 -LEADER
fixed length control field 01085nam a22003137a 4500
001 - CONTROL NUMBER
control field 6946
003 - CONTROL NUMBER IDENTIFIER
control field FISKH
005 - DATE AND TIME OF LATEST TRANSACTION
control field 20250812141951.0
008 - FIXED-LENGTH DATA ELEMENTS--GENERAL INFORMATION
fixed length control field 250611b cb ||||| |||| 00| 0 eng d
020 ## - INTERNATIONAL STANDARD BOOK NUMBER
International Standard Book Number 9780439085700
040 ## - CATALOGING SOURCE
Original cataloging agency FISKH
Language of cataloging eng
Transcribing agency FISKH
Modifying agency FISKH
050 ## - LIBRARY OF CONGRESS CALL NUMBER
Classification number QB46 .B463
082 ## - DEWEY DECIMAL CLASSIFICATION NUMBER
Classification number 523
100 ## - MAIN ENTRY--PERSONAL NAME
Personal name Berger, Melvin
Dates associated with a name (1927-)
245 ## - TITLE STATEMENT
Title Do stars have points? /
Statement of responsibility, etc. Questions and Answers about stars and Planets ; Melvin and Gilda Berger ; Illustrated by Vincent Di Fate
250 ## - EDITION STATEMENT
Edition statement This edition first published in 1998
260 ## - PUBLICATION, DISTRIBUTION, ETC.
Place of publication, distribution, etc. New York :
Name of publisher, distributor, etc. Scholastic,
Date of publication, distribution, etc. 1998
300 ## - PHYSICAL DESCRIPTION
Extent 48 pages :
Other physical details color illustrations ;
Dimensions 21 x 26 cm
505 ## - FORMATTED CONTENTS NOTE
Formatted contents note R<br/>
520 ## - SUMMARY, ETC.
Summary, etc. Questions and answers explore various aspects of stars and our solar system, including the sun, planets, moons, comets, and asteroids.<br/>
521 8# - TARGET AUDIENCE NOTE
Target audience note 760<br/>
Source Lexile<br/>
521 8# - TARGET AUDIENCE NOTE
Target audience note R<br/>
Source Raz-Plus<br/>
650 ## - SUBJECT ADDED ENTRY--TOPICAL TERM
Source of heading or term Astronomy
Topical term or geographic name entry element Informational
650 ## - SUBJECT ADDED ENTRY--TOPICAL TERM
Source of heading or term Science
Topical term or geographic name entry element Solar system
700 ## - ADDED ENTRY--PERSONAL NAME
Personal name Berger, Gilda
Dates associated with a name (1935-)
700 ## - ADDED ENTRY--PERSONAL NAME
Personal name Di Fate, Vincent
Dates associated with a name illustrator
942 ## - ADDED ENTRY ELEMENTS (KOHA)
Source of classification or shelving scheme Dewey Decimal Classification
Koha item type Books
Suppress in OPAC No
Holdings
Withdrawn status Lost status Source of classification or shelving scheme Damaged status Not for loan Collection Home library Current library Shelving location Date acquired Total Checkouts Full call number Barcode Date last seen Date last checked out Copy number Price effective from Koha item type Date due
    Dewey Decimal Classification     Juvenile Fiction Footprints International School Library Network Toul Tom Poung Campus Footprints International School Library Network Toul Tom Poung Campus TTP Primary Orange Bookshelves 06/11/2025 1 BER 523 QB46 .B463 FISTK01751 03/19/2026 03/12/2026 1 06/11/2025 Books  
    Dewey Decimal Classification     Juvenile Fiction Footprints International School Library Network Toul Tom Poung Campus Footprints International School Library Network Toul Tom Poung Campus TTP Primary Orange Bookshelves 08/12/2025 1 BER 523 QB46 .B463 FIS01790 04/23/2026 04/23/2026 2 08/12/2025 Books 05/07/2026